Mechanics of materials (Record no. 3297)

000 -LEADER
fixed length control field 00538nam a2200217 i 4500
001 - CONTROL NUMBER
control field 3297
003 - CONTROL NUMBER IDENTIFIER
control field BD-DhUET
008 - FIXED-LENGTH DATA ELEMENTS--GENERAL INFORMATION
fixed length control field 800828s1981 nyua 001 0 eng
020 ## - INTERNATIONAL STANDARD BOOK NUMBER
International Standard Book Number 0070661782
020 ## - INTERNATIONAL STANDARD BOOK NUMBER
International Standard Book Number 0070042845
040 ## - CATALOGING SOURCE
Original cataloging agency DLC
Transcribing agency DLC
Modifying agency BD-DhUET
082 00 - DEWEY DECIMAL CLASSIFICATION NUMBER
Classification number 620.11
Item number BEE/1981
100 ## - MAIN ENTRY--PERSONAL NAME
Personal name Beer, Ferdinand P.
245 10 - TITLE STATEMENT
Title Mechanics of materials
250 ## - EDITION STATEMENT
Edition statement 1st ed.
260 ## - PUBLICATION, DISTRIBUTION, ETC. (IMPRINT)
Place of publication, distribution, etc. Auckland
Name of publisher, distributor, etc. McGraw-Hill
Date of publication, distribution, etc. 1981
300 ## - PHYSICAL DESCRIPTION
Extent xv, 616 p.
Other physical details il
650 #0 - SUBJECT ADDED ENTRY--TOPICAL TERM
Topical term or geographic name as entry element Strength of materials
700 1# - ADDED ENTRY--PERSONAL NAME
Personal name Johnston, E. Russell
942 ## - ADDED ENTRY ELEMENTS (KOHA)
Koha item type General Book
Holdings
Source of classification or shelving scheme Koha item type Sublocation or collection (holding branch) Withdrawn status Koha normalized classification for sorting Price effective from Koha issues (times borrowed) Location (home branch) Not for loan Lost status Koha date last seen Damaged status Date acquired Koha renewals Koha full call number Koha date last borrowed Shelving location Piece designation (barcode) Copy number
 General BookCentral Library, BUET 620_110000000000000_BEE_19812014-10-253Central Library, BUET  2025-05-13 2014-10-25 620.11/BEE/19812025-04-29Circulation section595741
 General BookCentral Library, BUET 620_110000000000000_BEE_19812015-01-195Central Library, BUET  2025-04-22 2015-01-19 620.11/BEE/19812021-12-12Circulation section866762
 General BookCentral Library, BUET 620_110000000000000_BEE_19812015-04-191Central Library, BUET  2018-05-19 2015-04-19 620.11/BEE/19812018-05-13Circulation section595683
 General BookCentral Library, BUET 620_110000000000000_BEE_19812015-04-19 Central Library, BUET  2015-04-19 2015-04-19 620.11/BEE/1981 Circulation section595655
 General BookCentral Library, BUET 620_110000000000000_BEE_19812015-06-16 Central Library, BUET  2015-06-16 2015-06-16 620.11/BEE/1981 Reading section846116
 Rental ItemCentral Library, BUET 620_110000000000000_BEE_19812015-07-06 Central Library, BUET  2015-07-06 2015-07-06 620.11 BEE/1981 Reading section595607